The pregnant whale (postal)
Descripción Física:
targeta : il·lustració en color ; 20 x 12 cm
Materias:
Epstein, Julius J., -- 1909-2000 -- Col·leccions d'art
; Fons Joan Junyer i Pascual (1909-1994)
; Escultura moderna -- S. XX
; Escultura nord-americana
; Targetes postals
Idioma:
Catalán , English
MARC
| LEADER | 00000nkm a2200000 a 4500 | ||
|---|---|---|---|
| 001 | 29179 | ||
| 003 | AGDB | ||
| 005 | 20260324181542.0 | ||
| 008 | 251223b spa||||| |||| 00| 0 cat d | ||
| 040 | |a agdb |b cat | ||
| 041 | |a eng | ||
| 100 | |a Calder, Alexander, |d 1898-1976 |9 72906 | ||
| 245 | |a The pregnant whale (postal) | ||
| 260 | |a [s.l.] : |b [s.n.], |c [s.a.] | ||
| 300 | |a targeta : |b il·lustració en color ; |c 20 x 12 cm | ||
| 380 | |a Targeta postal | ||
| 500 | |a Prové del fons Joan Junyer i Pascual (1909-1994) | ||
| 500 | |a Reproducció d'una obra d'Alexander Calder, de 1963 | ||
| 500 | |a Al verso: Steel plate painted. Collection of Mrs. Julius Epstein, Northfield, Illinois | ||
| 600 | 0 | |a Epstein, Julius J., |d 1909-2000 |9 72907 |x Col·leccions d'art | |
| 650 | |a Fons Joan Junyer i Pascual (1909-1994) |9 72777 | ||
| 650 | 0 | |a Escultura moderna--S. XX |9 72904 | |
| 650 | 0 | |a Escultura nord-americana |9 72909 | |
| 655 | 0 | |a Targetes postals |9 52685 | |
| 942 | |2 udc |c ARXIU |n 1 | ||
| 952 | |0 0 |1 0 |2 udc |4 0 |6 F504271 |7 1 |9 98859 |a Arxiu |b Arxiu |d 2025-12-23 |l 0 |o F-504-271 |p 29179 |r 2025-12-23 10:39:30 |w 2025-12-23 |y ARXIU | ||
| 999 | |c 130527 |d 130527 | ||